000 nam a22 7a 4500
999 _c20898
_d20898
008 170120b xxu||||| |||| 00| 0 eng d
020 _a9780324401882
020 _a0324401884
050 _aHF5636 .W37 2007
100 _aWarren, Carl S.
245 _aFinancial and managerial accounting/
_cCarl S. Warren and James M. Reeve.
250 _a9th ed.
260 _aAustralia :
_bThomson South-Western,
_c2007.
300 _axxxi, 1223p. :
_bill. ;
500 _aIncludes index.
650 _aAccounting.
700 _aReeve, James M.
942 _2lcc
_cBOOKS
_hHF5636 .W37 2007